Analýza marketingového mixu vybraného podniku bakalárska práca

Enregistré dans:
Détails bibliographiques
Auteur principal: Vorčáková, Júlia
Collectivité auteur: Fakulta podnikového manažmentu EU. Katedra podnikovohospodárska
Autres auteurs: Barteková, Mária, 1992-
Format: Livre
Langue:slovaque
Publié: Bratislava 2019
Tags: Ajouter un tag
Pas de tags, Soyez le premier à ajouter un tag!

MARC

LEADER 00000nbm a2200000 4500
001 0255366
005 20191125141824.7
041 0 |a slo 
044 |a SK 
245 1 0 |a Analýza marketingového mixu vybraného podniku  |b bakalárska práca  |c Júlia Vorčáková ; školiteľ: Mária Barteková 
264 1 |a Bratislava  |c 2019 
300 |a 47 s. 
100 1 |a Vorčáková, Júlia 
700 1 |a Barteková, Mária, 1992- 
710 2 |a Fakulta podnikového manažmentu EU. Katedra podnikovohospodárska